مكتبة جامعة عجلون الوطنية

فهرس بحث المكتبة

Normal view MARC view
  • المشهداني، اكرم عبدالرزاق / م.مشارك نشأت بهجت البكري

Entry Personal Name

Number of records used in: 1

001 - CONTROL NUMBER

  • control field: 12568

003 - CONTROL NUMBER IDENTIFIER

  • control field: JO-AjAnu

005 - DATE AND TIME OF LATEST TRANSACTION

  • control field: 20230606072320.0

008 - FIXED-LENGTH DATA ELEMENTS

  • fixed length control field: 230606|| aca||aabn | a|a d

040 ## - CATALOGING SOURCE

  • Original cataloging agency: JO-AjAnu
  • Transcribing agency: JO-AjAnu

100 ## - HEADING--PERSONAL NAME

  • Personal name: المشهداني، اكرم عبدالرزاق / م.مشارك نشأت بهجت البكري

670 ## - SOURCE DATA FOUND

  • Source citation: Work cat.: (JO-AjAnu)6469: المشهداني، اكرم عبدالرزاق / م.مشارك نشأت بهجت البكري, author, موسوعة علم الجريمة و البحث الإحصائي الجنائي في القضاء و الشرطة و السجون